LEADER 01146nam a2200241 a 4500 001 000000127701 003 CaOOAMICUS 005 20120222121033.0 008 120222s2010 it m u001 u eng r 040 $aPUL$bita 100 1 $aJacob, Joachim.$0(OLS)http://pul/name/81520 245 10$aJuridical relevance of error of law in the light of c. 1099 and the recent rotal jurisprudence /$cJacob Joachim. 260 $aRoma :$bPontificia Università Urbaniana,$c2010. 300 $axiii, 258 p. ;$c24 cm 502 $aEstratto da tesi -- Pontificia Universitas Urbaniana. Facultas Iuris Canonici. 2010. 504 $aBibliografia p. [211]-253. 710 2 $aPontificia Università Urbaniana.$bFacoltà di diritto canonico.$0(OLS)http://pul/name/48601 850 $aPUL 852 $aPUL$W1$xDP1 Tesi Pon. Univ. Urbaniana$y49$m2010 C 7$j140085$qTesi$B146381$CPULBib$Z2$F146381 $82 941 1 $a16 996 $6245$aJuridical relevance of error of law in the light of c. 1099 and the recent rotal jurisprudence$9(OLS)http://pul/title/161387 996 $6260$aRoma :$bPontificia Università Urbaniana$9(OLS)http://pul/publisher/50894 LEADER 01541nam a2200313 u 4500 001 000000110846 003 CaOOAMICUS 005 20080331114007.0 008 080331s2006 it u000 u ita u 020 $a88-08-07211-8 040 $aPUL$bita$dMCT 245 00$aTestamento e patti successori /$copera diretta da Luca Iberati ; con la collaborazione di Giovanni Casu, Mimma Moretti, Giovanni Santarcangelo. 260 $aBologna :$bZanichelli,$c2006. 300 $aXIV, 570 p. ;$c25 cm +$eCD-ROM 490 1 $aDottrina casi sistemi ;$v7 504 $aInclude bibliografia. 650 4$aSuccessione (diritto).$0(OLS)http://pul/subject/1242 700 1 $aIberati, Luca.$0(OLS)http://pul/name/67990 700 1 $aCasu, Giovanni.$0(OLS)http://pul/name/66911 700 1 $aMoretti, Mimma.$0(OLS)http://pul/name/67992 700 1 $aSantarcangelo, Giovanni.$0(OLS)http://pul/name/67991 830 0$aDottrina casi sistemi ;$v7.$0(OLS)http://pul/title/139266 850 $aPUL 852 $aPUL$W1$xSL Diritto e Scienze Sociali 3$y79$m348. 45 COLL 1.7$j127023$qDDC 21$B125731$CPULBib$Z2$F125731 $H106811 $82 852 $aPUL$W1$xSL Diritto e Scienze Sociali 3$y79$m348. 45 COLL 1.7 CD$j127024$aCD-Rom$qDDC 21$B125732$CPULBib$Z2$F125732 $H106811 $82 941 1 $a9 996 $6020$a88-08-07211-8$9(OLS)http://pul/number/137619 996 $6245$aTestamento e patti successori$9(OLS)http://pul/title/139388 996 $6260$aBologna :$bZanichelli$9(OLS)http://pul/publisher/48255